Länder mit den meisten Nachbarländern - Statistiken

Allgemein
  • Dieses Quiz wurde 158 mal gespielt
  • Das Durchschnittsergebnis liegt bei 13 aus 20
Antwortstatistiken
Anzahl Land % Korrekt
14 China
99%
9 Deutschland
99%
14 Russland
99%
10 Frankreich
82%
9 D. R. Kongo
80%
10 Brasilien
79%
7 Niger
64%
7 Polen
64%
8 Österreich
63%
7 Iran
62%
8 Serbien
61%
7 Ungarn
58%
7 Mali
57%
7 Ukraine
57%
7 Saudi-Arabien
54%
7 Sudan
53%
8 Türkei
53%
7 Algerien
34%
8 Sambia
34%
8 Tansania
25%
Keine übereinstimmenden Quizze gefunden
Verteilung der Resultate
Anzahl Personen mit jedem Resultat
Perzentil nach korrekt beantworteten Fragen
Ihre Resultats-Entwicklung
Sie haben dieses Quiz noch nicht gespielt